000 00798nam a2200253Ia 4500
003 OSt
005 20220923222618.0
006 a|||||r|||| 00| 0
007 ta
008 220922b |||||||| |||| 00| 0 hin d
024 _a206,509
037 _cTextual
040 _aARTS
_cARTS
_bhin
041 _2hin
_ahin
082 _aO152,6:g, K4
100 _aकृपाशंकर सिंह
245 0 _aहिन्दी रेखाचित्र
246 _aHindī rekhāchitra
260 _aआगरा
_b विनोद पुस्तक मंदिर
_c1964
300 _a111पृ.
_ccm.
650 _aहिन्दी साहित्य
_9156264
942 _hO152,6:g, K4
_cTEXL
_2CC
999 _c357151
_d357151